000 00545nam a22001697a 4500
005 20240923095932.0
008 231120b |||||||| |||| 00| 0 eng d
020 _a9780639004952 ; 9780639004969
041 _aEnglish
082 _a343.4 INC
100 _aLexisNexis editorial staff
_lEnglish
245 _aIncome Tax Legislation /
_cLexisNexis editorial staff
260 _aDurban :
_bLexisNexis (Pty) Ltd,
_c2019
300 _bvii, 509 pages ;
_c25 cm.
650 _aLegal practice
_bLaw
942 _cBK
_6ALISON_BN_VRIES
999 _c783
_d783